Concursantes Andaluzas de Drag Race España - Estadísticas

Estadísticas generales
  • Esta prueba ha sido intentada 16 veces
  • La puntuación promedio es 12 de 14
Estadísticas de respuestas
Imagen Hint Respuesta % Correcto
Concursante y Ganadora de la Temporada 1, Nacida en Sevilla Carmen Farala
100%
Concursante de la Temporada 4, Nacida en Sevilla Angelita La Perversa
93%
Concursante de la Temporada 5, Nacida en Málaga Dafne Mugler
93%
Concursante de la Temporada 3 y del All Stars 1, Nacida en Algeciras (Cádiz) Pink Chadora
93%
Concursante de la Temporada 2 y Subcampeona del All Stars, Nacida en San Fernando (Cádiz) Samantha Ballentines
93%
Concursante de la Temporada 5, Nacida en Torremolinos (Málaga) Satín Greco
93%
Concursante de la Temporada 3, Nacida en Torremolinos (Málaga) Kelly Roller
86%
Concursante de la Temporada 5, Nacida en Córdoba Margarita Kalifata
86%
Concursante y Subcampeona de la Temporada 2, Nacida en Jerez de la Frontera (Cádiz) Estrella Xtravaganza
79%
Concursante de la Temporada 2, Nacida en Jerez de la Frontera (Cádiz) Jota Carajota
79%
Concursante de la Temporada 4, Nacida en Jerez de la Frontera (Cádiz) Shani LaSanta
79%
Concursante de la Temporada 1 y 3, Nacida en San Fernando (Cádiz) The Macarena
79%
Concursante de la Temporada 4, Nacida en Écija (Sevilla) Megui Yeillow
64%
Concursante de la Temporada 3 y All Stars 1, Nacida en Sevilla Pakita Spain
43%
No se encontraron pruebas coincidentes
Distribución de puntuación
Porcentaje de gente con cada puntuación
Porcentaje por número respondido
Historial de tus puntuaciones
No has intentado esta prueba.